<?xml version="1.0" encoding="UTF-8"?>
<record
    xmlns:xsi="http://www.w3.org/2001/XMLSchema-instance"
    xsi:schemaLocation="http://www.loc.gov/MARC21/slim http://www.loc.gov/standards/marcxml/schema/MARC21slim.xsd"
    xmlns="http://www.loc.gov/MARC21/slim">

  <leader>01200nam a22002297a 4500</leader>
  <controlfield tag="005">20211008160655.0</controlfield>
  <controlfield tag="008">211008b           ||||| |||| 00| 0 eng d</controlfield>
  <datafield tag="020" ind1=" " ind2=" ">
    <subfield code="a">9781785786716</subfield>
  </datafield>
  <datafield tag="040" ind1=" " ind2=" ">
    <subfield code="c">Aloy</subfield>
  </datafield>
  <datafield tag="041" ind1=" " ind2=" ">
    <subfield code="a">Eng</subfield>
  </datafield>
  <datafield tag="082" ind1=" " ind2=" ">
    <subfield code="2">23</subfield>
    <subfield code="a">796.33</subfield>
    <subfield code="b">CAIM</subfield>
  </datafield>
  <datafield tag="100" ind1=" " ind2=" ">
    <subfield code="a">Luca Caioli</subfield>
    <subfield code="9">1002</subfield>
  </datafield>
  <datafield tag="245" ind1=" " ind2=" ">
    <subfield code="a">Messi</subfield>
  </datafield>
  <datafield tag="250" ind1=" " ind2=" ">
    <subfield code="a">1st Updated Ed.</subfield>
  </datafield>
  <datafield tag="260" ind1=" " ind2=" ">
    <subfield code="a">UK</subfield>
    <subfield code="b">Icon Books Limted</subfield>
    <subfield code="c">2020</subfield>
  </datafield>
  <datafield tag="300" ind1=" " ind2=" ">
    <subfield code="a">x,369p.</subfield>
    <subfield code="b">PB</subfield>
    <subfield code="c">20x13cm.</subfield>
  </datafield>
  <datafield tag="365" ind1=" " ind2=" ">
    <subfield code="2">General</subfield>
    <subfield code="a">BLCR-000064</subfield>
    <subfield code="b">&#x20B9;319.20</subfield>
    <subfield code="c">&#x20B9;</subfield>
    <subfield code="d">&#x20B9;399.00</subfield>
    <subfield code="e">20%</subfield>
    <subfield code="f">04-10-2021</subfield>
  </datafield>
  <datafield tag="520" ind1=" " ind2=" ">
    <subfield code="a">FROM THE BESTSELLING AUTHOR OF RONALDO AND NEYMAR. Prolific, cool-headed and unerringly consistent, Lionel Messi is one of the most revered footballers in history. But did you know that his transfer to Barcelona was first agreed on a paper napkin? Or that an x-ray of his hand was to thank for identifying his growth hormone deficiency? And do you know why he refused to collect his first ever Champions League winner&#x2019;s medal? Find out all this and more in Luca Caioli&#x2019;s classic portrait of a footballing icon, featuring exclusive interviews with those who know him best and even Messi himself.</subfield>
  </datafield>
  <datafield tag="650" ind1=" " ind2=" ">
    <subfield code="a"> Biography</subfield>
    <subfield code="9">952</subfield>
  </datafield>
  <datafield tag="700" ind1=" " ind2=" ">
    <subfield code="a">CAIOLI (Luca)</subfield>
    <subfield code="9">953</subfield>
  </datafield>
  <datafield tag="942" ind1=" " ind2=" ">
    <subfield code="2">ddc</subfield>
    <subfield code="c">BK</subfield>
  </datafield>
  <datafield tag="999" ind1=" " ind2=" ">
    <subfield code="c">216527</subfield>
    <subfield code="d">216527</subfield>
  </datafield>
  <datafield tag="952" ind1=" " ind2=" ">
    <subfield code="0">0</subfield>
    <subfield code="1">0</subfield>
    <subfield code="2">ddc</subfield>
    <subfield code="4">0</subfield>
    <subfield code="7">0</subfield>
    <subfield code="8">OTH</subfield>
    <subfield code="a">AL</subfield>
    <subfield code="b">AL</subfield>
    <subfield code="d">2021-10-07</subfield>
    <subfield code="e">Navakarnataka Publications Pvt .Ltd</subfield>
    <subfield code="g">319.20</subfield>
    <subfield code="l">2</subfield>
    <subfield code="o">796.33 CAIM</subfield>
    <subfield code="p">074991</subfield>
    <subfield code="r">2025-08-07 12:36:31</subfield>
    <subfield code="s">2025-07-30</subfield>
    <subfield code="v">399.00</subfield>
    <subfield code="w">2021-10-08</subfield>
    <subfield code="y">BK</subfield>
  </datafield>
</record>
